| 000 | 00620nam a22001697a 4500 | ||
|---|---|---|---|
| 008 | 230306b |||||||| |||| 00| 0 eng d | ||
| 020 | _a9780521152389. | ||
| 050 | _aHT1129.A426 H39 2010 | ||
| 100 |
_aHawthorne,Walter _922462 |
||
| 245 |
_aFrom Africa to Brazil; _bculture,identity,and an Antlantic slave trade,16-1830. _cWalter Hawthorne |
||
| 260 |
_aNew York: _bCambridge Universiy Press; _c2010. |
||
| 300 |
_axxi; _b259p; _c23cm. |
||
| 650 |
_aSlave _vhistory _zamazon river region _952210 |
||
| 650 |
_aslave trade, _vhistory _zAfrica _952211 |
||
| 650 |
_aAfican diaspora, _vHistory _952212 |
||
| 942 |
_2lcc _cMONOGRAPH |
||
| 999 |
_c131651 _d131651 |
||